"JET PUNK" Countries - Statistics

General Stats
  • This quiz has been taken 111 times
  • The average score is 5 of 7
Answer Stats
Letter Country % Correct
E Belize/ Cape Verde/ Central African Republic/ Equatorial Guinea/ Eritrea/ Greece/ Liechtenstein/ Montenegro/ Netherlands/ New Zealand/ Papua New Guinea/ Senegal/ Seychelles/ Sierra Leone/ Sweden/ United Arab Emirates/ Unites States/ Venezuela/ Yemen
85%
T East Timor/ Liechtenstein/ Saint Kitts/ Saint Vincent/ Tajikistan/ Turkmenistan/ United Arab Emirates/ United States/ Vatican City
82%
N Afghanistan/ Argentina/ Benin/ Central African Republic/ Dominican Republic/ Democratic Republic of the Congo/ Finland/ Indonesia/ Lebanon/ Liechtenstein/ Montenegro/ Netherlands/ New Zealand/ North Macedonia/ Papua New Guinea/ Saint Vincent/ San Marino/ Solomon Islands/ Tanzania/ Turkmenistan
79%
U Burundi/ Equatorial Guinea/ Guinea-Bissau/ Luxembourg/ Mauritius/ Nauru/ Papua New Guinea/ South Sudan/ Tuvalu/ Uruguay/ Vanuatu
79%
J NONE
78%
P Papua New Guinea/ Philippines
74%
K Kazakhstan
65%
No matching quizzes found
Score Distribution
Percent of People with Each Score
Percentile by Number Answered
Your Score History
You have not taken this quiz